Aphek-Antipatris I : excavation of areas A and B, the 1972-1976 seasons /

محفوظ في:

المؤلف الرئيسي: Kokhavi, Mosheh, 1928-2008 (مؤلف)

مؤلفون آخرون: Beck, Pirhiya, 1931-1998., Yadin, Esther.

التنسيق: كتاب

اللغة: English

منشور في: Tel Aviv : Tel Aviv University, Sonia and Marco Nadler Institute of Archaeology, 2000.

سلاسل: Monograph series (Makhon le-arkhe'ologyah 'a. sh. Sonyah u-Marko Nadler) ; 19.

الموضوعات:

الوسوم: إضافة وسم

لا توجد وسوم, كن أول من يضع وسما على هذه التسجيلة!

رقم الطلب: DS110 .A34 K62 v.1

LEADER 01174namaa2200289 4500
003 OSt
005 20260223121923.0
008 130303s2000 is a b 001 0 eng d
010 |a 2001345987 
020 |a 9652660140 
040 |c ARCE Library 
043 |a a-is--- 
050 4 |a DS110 .A34 K62 v.1 
100 1 |a Kokhavi, Mosheh,  |d 1928-2008,  |e author  |9 34093 
245 1 0 |a Aphek-Antipatris I :  |b excavation of areas A and B, the 1972-1976 seasons /  |c Moshe Kochavi ; Moshe Kochavi, Pirhiyah Beck and Esther Yadin, editors. 
264 1 |a Tel Aviv :  |b Tel Aviv University, Sonia and Marco Nadler Institute of Archaeology,   |c 2000. 
300 |a xiv, 331 pages :   |b illustrations ;   |c 28 cm. 
490 0 |a Monograph series (Makhon le-arkhe'ologyah 'a. sh. Sonyah u-Marko Nadler) ;  |v 19. 
504 |a Includes bibliographical references and indexes. 
650 0 |a Excavations (Archaeology)   |z Israel   |z Aphek (Extinct city) 
651 0 |a Aphek (Extinct city) 
700 1 |a Beck, Pirhiya,  |d 1931-1998. 
700 1 |a Yadin, Esther. 
830 0 |a Monograph series (Makhon le-arkhe'ologyah 'a. sh. Sonyah u-Marko Nadler) ;  |v 19. 
901 |a reviewed 
942 |c BK  |2 lcc 
999 |c 2614  |d 2614